000 00609nam a22001817a 4500
005 20230112054739.0
008 230112b |||||||| |||| 00| 0 eng d
020 _a978-621-8035-31-7
082 _aFil. 371.106 L791 2018
100 _aLlagas, Avelina T.
_eauthor
245 _aEssentials of teacher leadership /
_cAvelina T. Llagas, Brenda B. Corpuz
260 _aManila:
_bLorimar Publishing,
_cc2018.
300 _axi, 259p.;
_bill.
541 _e6600 c.1, 6601 c.2, 6602 c.3
650 _aTeachers - Professional relationships
650 _aEducational leadership
700 _aCorpuz, Brenda B.
_eauthor
999 _c531
_d531